| 000 | 01220nam0a2200349 4500 | ||
|---|---|---|---|
| 001 | RU\NLR\bibl\1486910 | ||
| 005 | 20250616011423.0 | ||
| 010 |
_a978-5-9963-0252-9 _bв пер. _92000 |
||
| 021 |
_aRU _b2010-3729 _9232 |
||
| 035 | _a(nilc)RSL-KNO-004573714 | ||
| 035 | _a(NLR Aleph) 001478514 | ||
| 090 |
_a1688576 _c1688576 |
||
| 100 | _a20100127d2010 |||y0rusy50 ca | ||
| 101 | 0 | _arus | |
| 102 | _aRU | ||
| 105 | _aa ||||||||| | ||
| 200 | 1 |
_aОсновы программирования _fС. Окулов |
|
| 205 | _a5-е изд., испр. | ||
| 210 |
_aМосква _cБином. Лаборатория знаний _d2010 |
||
| 215 |
_a440 с. _cил., табл. _d22 |
||
| 313 | _aTURBO PASCAL | ||
| 320 | _aБиблиогр. в тексте | ||
| 606 | 1 |
_aTURBO PASCAL, система программирования _jУчебные издания _92072066 _3RU\NLR\auth\661246881 |
|
| 686 |
_aЗ973.2-018я78-1 _2rubbk |
||
| 686 | _aЗ973.23-018.1я7 | ||
| 700 | 1 |
_aОкулов _bС. М. _gСтанислав Михайлович _4070 |
|
| 801 | 0 |
_aRU _bRuMoRGB _c20100127 _grcr |
|
| 801 | 1 |
_aRU _bRuMoRGB _c20100127 |
|
| 801 | 2 |
_aRU _bNLR _c20100318 _grcr |
|
| 942 | _cBOOK | ||
| 980 | _aNB | ||